000 00298nam a22001217a 4500
020 _a0-07-049164-X
082 _a005.133-B PEC'H
100 _aPECKHAM, HERBERT
_965957
245 _aHANDS ON BASIC FOR THE DEC PROFESSIONAL
260 _aNEWYORK
_bMCGRAW HILL
_c1985
300 _a332P
942 _cBK
999 _c574021
_d574021